[Event "Frankfurt-ch"]
[Site "Frankfurt"]
[Date "2009.06.22"]
[Round "6"]
[White "Loehr, Holger"]
[Black "Schirmbeck, Markus"]
[Result "1/2-1/2"]
[WhiteElo "1730"]
[BlackElo "1562"]
[PlyCount "52"]
[EventDate "2009.04.27"]
[EventType "tourn"]
[EventRounds "7"]
[EventCountry "GER"]
[SourceTitle "EXT 2010"]
[Source "ChessBase"]
[SourceDate "2010.11.25"]
[SourceVersion "1"]
[SourceVersionDate "2010.11.25"]
[SourceQuality "1"]

1. e4 d5 2. exd5 Qxd5 3. Nc3 Qd6 4. Nf3 Nf6 5. d4 e6 6. Be2 a6 7. Bg5 Be7 8. Qd2 0-0 9. 0-0 b5 10. a3 Bb7 11. Bf4 Qb6 12. h3 Nbd7 13. Rad1 Rfd8 14. Qc1 c5 15. dxc5 Nxc5 16. Be3 Qc7 17. Bf4 Qc6 18. Ne1 Rxd1 19. Qxd1 Rd8 20. Qc1 Nfe4 21. Nxe4 Nxe4 22. Bf3 Bd6 23. Bxd6 Qxd6 24. Nd3 Qb6 25. Qf4 Nf6 26. Bxb7 Qxb7 1/2-1/2

[Event "Werther Schloss op-C 10th"]
[Site "Werther"]
[Date "2004.04.04"]
[Round "5"]
[White "Reuter, Alfred J"]
[Black "Schirmbeck, Markus"]
[Result "1-0"]
[WhiteElo "1488"]
[BlackElo "1521"]
[PlyCount "56"]
[EventDate "2004.04.02"]
[EventType "swiss"]
[EventRounds "5"]
[EventCountry "GER"]
[SourceTitle "EXT 2006"]
[Source "ChessBase"]
[SourceDate "2005.11.24"]
[SourceVersion "1"]
[SourceVersionDate "2005.11.24"]
[SourceQuality "1"]

1. e4 c5 2. Nc3 e6 3. f4 Nc6 4. Nf3 d6 5. Bc4 Nf6 6. 0-0 Be7 7. Qe1 a6 8. a3 b5 9. Ba2 d5 10. exd5 exd5 11. d3 0-0 12. Ne5 Nxe5 13. fxe5 Nh5 14. Bxd5 Ra7 15. Bf3 g6 16. Bxh5 gxh5 17. Qg3+ Kh8 18. Ne4 Rg8 19. Qf3 Bb7 20. Bh6 Qd4+ 21. Be3 Bxe4 22. dxe4 Qxe5 23. c3 Bd6 24. Qf6+ Rg7 25. Qxe5 Bxe5 26. Bxc5 Rd7 27. Rad1 f6 28. Bd4 Rg4 1-0